|
|
|
|
| LEADER |
02337nam a2200637 4500 |
| 001 |
ocn823744304 |
| 003 |
OCoLC |
| 005 |
20170124071528.9 |
| 006 |
m o d |
| 007 |
cr ||||||||||| |
| 008 |
130107s2013 enk ob 001 0 eng |
| 010 |
|
|
|a 2013000505
|
| 040 |
|
|
|a DLC
|b eng
|e rda
|e pn
|c DLC
|d YDX
|d DG1
|d N$T
|d YDXCP
|d UKMGB
|d UBY
|d NOC
|d OCLCQ
|d OCLCF
|d GrThAP
|
| 016 |
7 |
|
|a 016225498
|2 Uk
|
| 020 |
|
|
|a 9781118295809
|q (ePub)
|
| 020 |
|
|
|a 1118295803
|q (ePub)
|
| 020 |
|
|
|a 9781118295793
|q (MobiPocket)
|
| 020 |
|
|
|a 111829579X
|q (MobiPocket)
|
| 020 |
|
|
|a 9781118295816
|q (Adobe PDF)
|
| 020 |
|
|
|a 1118295811
|q (Adobe PDF)
|
| 020 |
|
|
|a 9781118295786
|q (electronic bk.)
|
| 020 |
|
|
|a 1118295781
|q (electronic bk.)
|
| 020 |
|
|
|z 9781444339697
|q (cloth)
|
| 029 |
1 |
|
|a DKDLA
|b 820120-katalog:000665886
|
| 029 |
1 |
|
|a NLGGC
|b 357348672
|
| 029 |
1 |
|
|a NZ1
|b 15350982
|
| 029 |
1 |
|
|a DEBBG
|b BV041828944
|
| 035 |
|
|
|a (OCoLC)823744304
|
| 042 |
|
|
|a pcc
|
| 050 |
0 |
0 |
|a GB631
|
| 072 |
|
7 |
|a SCI
|x 091000
|2 bisacsh
|
| 082 |
0 |
0 |
|a 551.3/75
|2 23
|
| 049 |
|
|
|a MAIN
|
| 100 |
1 |
|
|a Warren, Andrew.
|
| 245 |
1 |
0 |
|a Dunes :
|b dynamics, morphology, history /
|c Andrew Warren.
|
| 264 |
|
1 |
|a Chichester, West Sussex, UK :
|b Wiley-Blackwel, A John Wiley & Sons, Ltd., Publication,
|c 2013.
|
| 300 |
|
|
|a 1 online resource.
|
| 336 |
|
|
|a text
|b txt
|2 rdacontent
|
| 337 |
|
|
|a computer
|b c
|2 rdamedia
|
| 338 |
|
|
|a online resource
|b cr
|2 rdacarrier
|
| 490 |
1 |
|
|a RGS-IBG book series
|
| 504 |
|
|
|a Includes bibliographical references and index.
|
| 588 |
0 |
|
|a Print version record and CIP data provided by publisher.
|
| 650 |
|
0 |
|a Sand dunes
|x History.
|
| 650 |
|
0 |
|a Geomorphology.
|
| 650 |
|
0 |
|a Sand dunes
|x Environmental aspects.
|
| 650 |
|
7 |
|a SCIENCE
|x Earth Sciences
|x Sedimentology & Stratigraphy.
|2 bisacsh
|
| 650 |
|
7 |
|a Geomorphology.
|2 fast
|0 (OCoLC)fst00940955
|
| 650 |
|
7 |
|a Sand dunes.
|2 fast
|0 (OCoLC)fst01104857
|
| 650 |
|
7 |
|a Sand dunes
|x Environmental aspects.
|2 fast
|0 (OCoLC)fst01104858
|
| 655 |
|
4 |
|a Electronic books.
|
| 655 |
|
7 |
|a History.
|2 fast
|0 (OCoLC)fst01411628
|
| 776 |
0 |
8 |
|i Print version:
|a Warren, Andrew.
|t Dunes.
|d Hoboken : John Wiley & Sons Inc., 2013
|z 9781444339697
|w (DLC) 2012050118
|
| 830 |
|
0 |
|a RGS-IBG book series.
|
| 856 |
4 |
0 |
|u https://doi.org/10.1002/9781118295786
|z Full Text via HEAL-Link
|
| 994 |
|
|
|a 92
|b DG1
|